Logo BPK

Biblioteka

Politechniki Koszalińskiej

Walki klasowe w Europie Zachodniej : (Rekord nr 20211)

Szczegóły MARC
000 -ETYKIETA REKORDU
podpole kontrolne o stałej długości 00489nam a2200169 i 4500
001 - NUMER KONTROLNY REKORDU
pole kontrolne bg
040 ## - ŹRÓDŁO KATALOGOWANIA
Instytucja, która utworzyła rekord BPK
041 ## - KOD JĘZYKA
Kod języka tekstu pol
080 ## - UNIWERSALNA KLASYFIKACJA DZIESIĘTNA - UKD
UKD 323.4:323.2](410+44/45)
008 - POLE O STAŁEJ DŁUGOŚCI - DANE KONTROLNE
podpole kontrolne o stałej długości s pl f |000 0 pol
100 1# - NAZWA OSOBOWA
Nazwa osobowa ALBERS, Detlev
245 #0 - TYTUŁ/ODPOWIEDZIALNOŚĆ
Tytuł Walki klasowe w Europie Zachodniej :
Ciąg dalszy tytułu Francja, Włchy, Wielka Brytania /
Pozostałe elementy strefy tytułu i oznaczenia odpowiedzialności Detlev Albers, Werner Goldschmidt, Paul Oehlke.
260 ## - STREFA ADRESU WYDAWNICZEGO
Miejsce wydania Warszawa,
Data publikacji, dystrybucji/powstania dokumentu 1974.
700 1# - HASŁO DODATKOWE - NAZWA OSOBOWA
Nazwa osobowa GOLDSCHMIDT, Werner
700 1# - HASŁO DODATKOWE - NAZWA OSOBOWA
Nazwa osobowa OEHLKE, Paul
856 ## - LOKALIZACJA I DOSTĘP DO ELEKTRONICZNYCH DOKUMENTÓW ZDALNYCH
Link (URL) http://koha.tu.koszalin.pl/cgi-bin/koha/opac-detail.pl?biblionumber=20211
Tekst linku Katalog online BPK
942 ## - DODATKOWE ELEMENTY (KOHA)
Typ dokumentu Książka
Egzemplarze
Wycofany Status egzemplarza Uszkodzony Dostępność Lokalizacja stała Lokalizacja bieżąca Miejsce przechowywania Sygnatura Kod kreskowy Typ dokumentu
      Dostępny Biblioteka Politechniki Koszalińskiej Biblioteka Politechniki Koszalińskiej Wypożyczalnia BG 28501 01300123 Książka
© 2023 Biblioteka Politechniki Koszalińskiej :: KOHA